000 00568nam a22001817a 4500
008 130821s1925 fr gr fre
040 _aCo-BoUCM
_bspa
041 0 0 _afre
100 _aHearn, Lafcadio,1850-1904
_947029
245 0 0 _aEn glanant dans les Champs de Bouddha
_cLafcadio Hearn
260 _aParís (Francia)
_bMercvre de France
_c1925
300 _a258páginas
500 _aIncluye índice
650 0 4 _aBudismo
_910234
650 0 4 _aReligiones
_923519
942 _cLIBRO
_a4
_e1
_mH31
_n0
_2DEWEY
_h294.3
999 _c86940
_d86940